Materials for energy conversion and storage : (Record no. 355399)
[ view plain ]
| 000 -LEADER | |
|---|---|
| fixed length control field | 01427cam a22003495i 4500 |
| 001 - CONTROL NUMBER | |
| control field | 17798332 |
| 003 - CONTROL NUMBER IDENTIFIER | |
| control field | Nust- CAS-E0 |
| 005 - DATE AND TIME OF LATEST TRANSACTION | |
| control field | 20180118181400.0 |
| 008 - FIXED-LENGTH DATA ELEMENTS--GENERAL INFORMATION | |
| fixed length control field | 130701s2012 sz a b 101 0 eng d |
| 010 ## - LIBRARY OF CONGRESS CONTROL NUMBER | |
| LC control number | 2013426139 |
| 016 7# - NATIONAL BIBLIOGRAPHIC AGENCY CONTROL NUMBER | |
| Record control number | 016167136 |
| Source | Uk |
| 020 ## - INTERNATIONAL STANDARD BOOK NUMBER | |
| International Standard Book Number | 9783037854617 |
| 020 ## - INTERNATIONAL STANDARD BOOK NUMBER | |
| International Standard Book Number | 3037854618 |
| 020 ## - INTERNATIONAL STANDARD BOOK NUMBER | |
| Canceled/invalid ISBN | 9771013982607 |
| 035 ## - SYSTEM CONTROL NUMBER | |
| System control number | (OCoLC)ocn823140360 |
| 040 ## - CATALOGING SOURCE | |
| Original cataloging agency | LHL |
| Language of cataloging | eng |
| Transcribing agency | LHL |
| Modifying agency | BTCTA |
| -- | YDXCP |
| -- | OCLCO |
| -- | UKMGB |
| -- | BWX |
| -- | DLC |
| Description conventions | rda |
| 042 ## - AUTHENTICATION CODE | |
| Authentication code | lccopycat |
| 050 00 - LIBRARY OF CONGRESS CALL NUMBER | |
| Classification number | TJ807 |
| Item number | .M38 2012 |
| 082 ## - DEWEY DECIMAL CLASSIFICATION NUMBER | |
| Classification number | 621.042 |
| Author Mark | MAT 2012 |
| 245 00 - TITLE STATEMENT | |
| Title | Materials for energy conversion and storage : |
| Remainder of title | selected, peer reviewed papers from the 2012 International Workshop on Materials for Energy Conversion and Storage, March 23-25, 2012, Shenzhen, China / |
| Statement of responsibility, etc. | edited by Huayu Zhang. |
| 300 ## - PHYSICAL DESCRIPTION | |
| Extent | x, 313 pages : |
| Other physical details | illustrations ; |
| Dimensions | 24 cm. |
| 490 1# - SERIES STATEMENT | |
| Series statement | Key engineering materials, |
| International Standard Serial Number | 1013-9826 ; |
| Volume/sequential designation | 519 |
| 504 ## - BIBLIOGRAPHY, ETC. NOTE | |
| Bibliography, etc. note | Includes bibliographical references and index. |
| 650 #0 - SUBJECT ADDED ENTRY--TOPICAL TERM | |
| Topical term or geographic name entry element | Renewable energy sources |
| Form subdivision | Congresses. |
| 650 #0 - SUBJECT ADDED ENTRY--TOPICAL TERM | |
| Topical term or geographic name entry element | Power resources |
| Form subdivision | Congresses. |
| 700 1# - ADDED ENTRY--PERSONAL NAME | |
| Personal name | Zhang, Huaya, |
| Titles and other words associated with a name | Prof. |
| 711 2# - ADDED ENTRY--MEETING NAME | |
| Meeting name or jurisdiction name as entry element | International Workshop on Materials for Energy Conversion and Storage |
| Date of meeting | (2012 : |
| Location of meeting | Shenzhen, China) |
| 830 #0 - SERIES ADDED ENTRY--UNIFORM TITLE | |
| Uniform title | Key engineering materials ; |
| Volume/sequential designation | 519. |
| 906 ## - LOCAL DATA ELEMENT F, LDF (RLIN) | |
| a | 7 |
| b | cbc |
| c | copycat |
| d | 2 |
| e | ncip |
| f | 20 |
| g | y-gencatlg |
| 942 ## - ADDED ENTRY ELEMENTS (KOHA) | |
| Source of classification or shelving scheme | |
| Koha item type | Book |
| Withdrawn status | Lost status | Source of classification or shelving scheme | Damaged status | Not for loan | Collection code | Permanent Location | Current Location | Shelving location | Date acquired | Source of acquisition | Total Checkouts | Full call number | Barcode | Date last seen | Cost, replacement price | Price effective from | Koha item type |
|---|---|---|---|---|---|---|---|---|---|---|---|---|---|---|---|---|---|
| US-Pakistan Center for Advanced Studies in Energy (USPCAS-E) | US-Pakistan Center for Advanced Studies in Energy (USPCAS-E) | General Stacks | 04/23/2013 | Victoria co | 621.042 MAT 2012 | CAS-E0000294 | 07/16/2014 | 18683.00 | 07/16/2014 | Book |
